Gran imprecació davant la muralla de la ciutat. Toller / de Tankred Dorst ; traducció de Feliu Formosa ; pròleg de Joan Casas
Descripción Física:
140 p. ; 18 cm
Colección:
Biblioteca teatral ; 39
MARC
| LEADER | 00000nam a2200000Ia 4500 | ||
|---|---|---|---|
| 001 | 2121 | ||
| 008 | 160829s1985 xx 000 0 cat d | ||
| 080 | |a L-1-227 | ||
| 100 | |a Dorst, Tankred |9 22877 | ||
| 245 | |a Gran imprecació davant la muralla de la ciutat. Toller / de Tankred Dorst ; traducció de Feliu Formosa ; pròleg de Joan Casas | ||
| 260 | |a Barcelona : |b Institut del Teatre de la Diputació de Barcelona : |b Edicions del Mall, |c 1985 | ||
| 300 | |a 140 p. ; |c 18 cm | ||
| 490 | |a Biblioteca teatral ; 39 | ||
| 700 | |a Formosa, Feliu, |d 1934- |e traductor |9 34955 | ||
| 700 | |a Casas, Joan, |d 1950- |e escriptor d'un pròleg |9 23157 | ||
| 710 | 1 | |a Institut del Teatre (Barcelona, Catalunya) |9 52662 | |
| 901 | |a Arxiu | ||
| 942 | |n 1 |2 udc | ||
| 952 | |0 0 |1 0 |4 0 |6 L1227 |7 1 |9 42364 |a Arxiu |b Arxiu |d 2016-12-01 |l 0 |o L-1-227 |p 2121 |r 2016-12-01 00:00:00 |w 2016-12-01 |y ARXIU | ||
| 999 | |c 44842 |d 44842 | ||